| 000 | 00792nam a2200181Ia 4500 | ||
|---|---|---|---|
| 008 | 151202s9999||||xx |||||||||||||| ||und|| | ||
| 082 | _bPNVM-76755 | ||
| 100 | _aभागवत यशवंत | ||
| 245 | _aप्रिया कुणाची प्रिया | ||
| 260 | _b"नवल प्रकाशन फ्लॅट नं-2,गणेश पार्क ई बिल्डिंग,हिंगणे खु्र्द,सिंहगड रोड पुणे - 411051" | ||
| 260 | _c2010 | ||
| 300 | _a188 | ||
| 600 | _aभागवत यशवंत | ||
| 630 | _aप्रिया कुणाची प्रिया | ||
| 700 | _aभागवत यशवंत | ||
| 730 | _aप्रिया कुणाची प्रिया | ||
| 942 | _cBOOK | ||
| 999 |
_c1343414 _d1343411 |
||